Quizzes
Events
Quiz Creation
Community
Videos
Private Events
Remove Ads
Sign In
Join for FREE
Feedback
Dark Mode
Quiz Categories
Sports
Geography
Music
Movies
Television
Just For Fun
Miscellaneous
History
Literature
Language
Science
Gaming
Entertainment
Religion
Holiday
For Kids
Quiz Lab
Recent
Popular Today
Quiz Kudos Today
Editor Picks
Curator Picks
Quizzes by...
Day
Popularity
Type
Ratings
Length
Year
Community
Subscriptions
Recent Discussions
Orange Saloon
Badges
Playlists
Quests
Create
Leaderboards
Showdown
Live 5
Trivia Bingo
Activity
Puzzle Library
Sporcle Events
Private Events
Virtual Trivia
Globe League
Become a Host
Pub Owners
SporcleCon
Opinionation
Our Games
Videos
Blog
Mobile Apps
Partnerships
Remove Ads and Go Orange
Feedback
Sports
Athletes
MLB
NBA
NHL
NFL
Soccer
Sports Teams
WWE
NCAA
Football
Premier League
Basketball
Baseball
Hockey
Golf
Tennis
Cricket
Rugby
Auto Racing
Olympics
World Cup
Sports
Athletes
MLB
NBA
NHL
NFL
Soccer
Sports Teams
WWE
NCAA
Football
Premier League
Basketball
Baseball
Hockey
Golf
Tennis
Cricket
Rugby
Auto Racing
Olympics
World Cup
Random Quiz
Search Sporcle
×
Quiz Lab
Quiz Lab
Sports
Detroit Red Wings
Type in answers that appear in a list
Type in answers that appear in a list
Classic
Best Score? Go Orange.
2007 Detroit Red Wings Stats
Can you name the 2007 Detroit Red Wings?
By
t3hs3lv3y
5m
29 Questions
162 Plays
162 Plays
162 Plays
Comments
Comments
Give Quiz Kudos
Give Quiz Kudos
-
- Ratings
hide this ad
Replay
Link that replays current quiz
Next Quiz
Link to next quiz in quiz playlist
You Got
0%
They Got
Avg Score
65%
Avg Friend Score
Upgrade to see
Score Distribution
Jump to the score distribution portion of the page
Score
0/29
Timer
05:00
0
Plays Today
% Correct
Nicklas Lidstrom
100%
Pavel Datsyuk
96.9%
Henrik Zetterberg
93.2%
Tomas Holmstrom
91.4%
Chris Osgood
90.1%
Johan Franzen
85.2%
Niklas Kronwall
80.9%
Kris Draper
78.4%
Dominik Hasek
77.2%
Brian Rafalski
75.9%
Kirk Maltby
74.1%
Andreas Lilja
72.8%
Darren Helm
69.8%
Daniel Cleary
69.1%
Chris Chelios
69.1%
% Correct
Valtteri Filppula
63.6%
Brad Stuart
62.3%
Darren McCarty
62.3%
Jimmy Howard
62.3%
Brett Lebda
60.5%
Tomas Kopecky
56.8%
Jiri Hudler
56.2%
Jonathan Ericsson
55.6%
Mikael Samuelsson
45.1%
Derek Meech
42.6%
Dallas Drake
40.1%
Aaron Downey
27.8%
Kyle Quincey
25.3%
Mark Hartigan
9.3%
Quiz Playlist
Details
Report
Send in Message
Add To Playlist
Classic:
Type in answers that appear in a list
Last Updated: Feb 16, 2017
Quiz Scoreboard
CHALLENGE
Sign Up to Join the Scoreboard
Show All
Scores
Hide
Comments
May contain spoilers
Recently Published
Pick 6: Fruits
by JohnFran
Miscellaneous
15s
Click the 1999 NBA Draft
by nibperrychub
Sports
2m
Alphabetical 'K' Countries by Flag Minefield
by ylime102
Geography
3m
More to Explore
Quiz From the Vault
Featured Blog Post
15 Basketball Trivia Facts You Can Be March Mad About
hide this ad
You Might Also Like...
Tags
2007
detroit
Detroit Red Wings
Red
Wing
Today's Top Quizzes in Sports
Browse Sports
hide this ad
Today's Top Quizzes in Detroit Red Wings
Browse Detroit Red Wings
Top Contributed Quizzes in Sports
1
Les joueurs à 100 buts en Ligue 1 Uber Eats
2
Pick 6: NFL Teams
3
MLB 2 truths and a lie: Hall of Fame pitchers
4
2022 World Cup Stars
5
Criteria MLB: Left Handed Sluggers
6
Millionaire: NBA Finals Edition
7
Pick 6: Minor League Baseball
8
Click the 1998 NBA Draft
9
Don't Strike Out: 3000 Strikeouts
10
Pick 6: Olympics
Explore More
Trending Topics
Harry Potter
Crossword
Kpop
Disney
Marvel
NBA
Anime
The Office
Soccer
WWE
Pokémon
Country
Song
Puzzle
NFL
hide this ad
More By:
t3hs3lv3y
Quiz
Plays
Rating
Category
Featured
Created
2007 Detroit Red Wings
162
Sports
Feb 24, 2010
Go to Creator's Profile
Score Distribution
Quiz Creator Spotlight
t3hs3lv3y
Follow
Send a Message
Quizzes Created
-
Created Quiz Play Count
-
More By This Creator
Popular Quizzes Today
1
Countries of Asia Without Outlines Minefield
2
Find the US States - No Outlines Minefield
3
Pick 6: Fruits
4
Alphabetical 'K' Countries by Flag Minefield
5
The Countries of the World
6
Find the US States
7
US States
8
Find the Countries of Europe - No Outlines Minefield
More Sports Quizzes
Top Most Expensive Transfers of 2022/2023
Curator's Pick
Trending Quizzes
Pick 6: Mountains
Pick 6: Harry Potter
Pick 6: Flags
Pick 6: NFL Teams
Pick 6: Movie Franchises
Recently Updated
NWSL Teams
pecheneg
Women's Final Four Teams by Year
bhenderson79
Presidents Quartet II
eogle
Anything But Clue(do)
eogle
Anything But Oceanian Capitals
eogle
Anything But 7
eogle
Anything But Thing
eogle
Word Ladder: February 29
pecheneg
Song Title Questions
pecheneg
Women's NCAA Tournament #1 Seeds
pecheneg
Trending Topics
Marvel
Disney
Kpop
Crossword
NBA
Harry Potter
Anime
The Office
Song
NFL
WWE
Puzzle
Country
Soccer
Pokémon
Your Account Isn't Verified!
In order to create a playlist on Sporcle, you need to verify the email address you used during registration. Go to your
Sporcle Settings
to finish the process.
Report this User
Report this user for behavior that violates our
Community Guidelines
.
Details:
Send Report
Go to the Sporcle.com Mobile Site →
Comments